000 00309nam a2200121Ia 4500
008 220217s9999||||xx |||||||||||||| ||und||
082 _a510 CHA
100 _aK.S.C
245 0 _aEngineering mathematics part I
260 _aSudha publications
_bBangalore
_c2002
300 _b210
650 _aMATHEMATICS
999 _c169845
_d169845